[Event "Benidorm Satellite preliminary"]
[Site "playchess.com #007036"]
[Date "2009.10.24"]
[Round "6"]
[White "BLiTzcHAmP"]
[Black "Pepecuenca2"]
[Result "0-1"]
[WhiteElo "2734"]
[BlackElo "2411"]
[PlyCount "150"]
[EventDate "2009.10.24"]
[EventType "swiss (blitz)"]

1. e4 {[%emt 0:00:01]} e5 {[%emt 0:00:05]} 2. Qf3 {[%emt 0:00:03]} Bc5 {[%emt
0:00:09]} 3. Bc4 {[%emt 0:00:03]} Nf6 {[%emt 0:00:01]} 4. h3 {[%emt 0:00:06]}
O-O {[%emt 0:00:02]} 5. Ne2 {[%emt 0:00:04]} c6 {[%emt 0:00:01]} 6. d3 {[%emt
0:00:10]} d5 {[%emt 0:00:02]} 7. Bb3 {[%emt 0:00:01]} Be6 {[%emt 0:00:19]} 8.
O-O {[%emt 0:00:02]} Nbd7 {[%emt 0:00:03]} 9. Ng3 {[%emt 0:00:04]} Qc7 {[%emt
0:00:08]} 10. Nd2 {[%emt 0:00:07]} a5 {[%emt 0:00:10]} 11. c3 {[%emt 0:00:04]}
a4 {[%emt 0:00:02]} 12. Bc2 {[%emt 0:00:01]} Bd6 {[%emt 0:00:03]} 13. Re1 {
[%emt 0:00:01]} Rfe8 {[%emt 0:00:02]} 14. Ndf1 {[%emt 0:00:01]} Bf8 {[%emt 0:
00:02]} 15. Ne3 {[%emt 0:00:01]} g6 {[%emt 0:00:01]} 16. Bd2 {[%emt 0:00:21]}
Bg7 {[%emt 0:00:02]} 17. Rad1 {[%emt 0:00:01]} Nc5 {[%emt 0:00:05]} 18. Nef1 {
[%emt 0:00:04]} Rad8 {[%emt 0:00:10]} 19. Bg5 {[%emt 0:00:01]} Ncd7 {[%emt 0:
00:09]} 20. Bxa4 {[%emt 0:00:01]} h6 {[%emt 0:00:03]} 21. Bc1 {[%emt 0:00:03]}
dxe4 {[%emt 0:00:02]} 22. dxe4 {[%emt 0:00:01]} Bxa2 {[%emt 0:00:01]} 23. Bc2 {
[%emt 0:00:15]} Be6 {[%emt 0:00:13]} 24. Ne3 {[%emt 0:00:09]} Nc5 {[%emt 0:00:
03]} 25. b4 {[%emt 0:00:06]} Ncd7 {[%emt 0:00:05]} 26. c4 {[%emt 0:00:11]} Nh7
{[%emt 0:00:11]} 27. Qe2 {[%emt 0:00:28]} h5 {[%emt 0:00:12]} 28. Ngf5 {[%emt
0:00:07]} Bf8 {[%emt 0:00:08]} 29. Bd2 {[%emt 0:00:15]} Ndf6 {[%emt 0:00:02]}
30. Ng3 {[%emt 0:00:06]} Bg7 {[%emt 0:00:08]} 31. Bc3 {[%emt 0:00:01]} Rxd1 {
[%emt 0:00:04]} 32. Rxd1 {[%emt 0:00:01]} Nd7 {[%emt 0:00:01]} 33. Ngf5 {[%emt
0:00:04]} Bf8 {[%emt 0:00:02]} 34. Ng3 {[%emt 0:00:09]} Ndf6 {[%emt 0:00:02]}
35. Rd2 {[%emt 0:00:16]} h4 {[%emt 0:00:02]} 36. Ngf1 {[%emt 0:00:01]} Nh5 {
[%emt 0:00:00]} 37. Nh2 {[%emt 0:00:10]} Nf4 {[%emt 0:00:01]} 38. Qd1 {[%emt 0:
00:00]} Ng5 {[%emt 0:00:05]} 39. Nhg4 {[%emt 0:00:02]} Bg7 {[%emt 0:00:02]} 40.
Rd6 {[%emt 0:00:05]} Ne2+ {[%emt 0:00:04]} 41. Qxe2 {[%emt 0:00:06]} Qxd6 {
[%emt 0:00:01]} 42. c5 {[%emt 0:00:04]} Qd8 {[%emt 0:00:03]} 43. Nxe5 {[%emt 0:
00:04]} Bxh3 {[%emt 0:00:25]} 44. f4 {[%emt 0:00:01]} Ne6 {[%emt 0:00:02]} 45.
Qf3 {[%emt 0:00:06]} Nd4 {[%emt 0:00:02]} 46. Bxd4 {[%emt 0:00:05]} Qxd4 {
[%emt 0:00:02]} 47. gxh3 {[%emt 0:00:02]} Qxb4 {[%emt 0:00:06]} 48. Nd3 {[%emt
0:00:13]} Qd2 {[%emt 0:00:02]} 49. e5 {[%emt 0:00:01]} Bf8 {[%emt 0:00:04]} 50.
Qf2 {[%emt 0:00:00]} Qc3 {[%emt 0:00:02]} 51. Qe1 {[%emt 0:00:02]} Qxe1+ {
[%emt 0:00:02]} 52. Nxe1 {[%emt 0:00:01]} Bxc5 {[%emt 0:00:00]} 53. Kf2 {[%emt
0:00:00]} f6 {[%emt 0:00:01]} 54. e6 {[%emt 0:00:01]} Kg7 {[%emt 0:00:04]} 55.
f5 {[%emt 0:00:01]} gxf5 {[%emt 0:00:02]} 56. Bxf5 {[%emt 0:00:00]} Ra8 {[%emt
0:00:02]} 57. Kf3 {[%emt 0:00:03]} Kf8 {[%emt 0:00:05]} 58. Nd3 {[%emt 0:00:00]
} Bd6 {[%emt 0:00:02]} 59. Ng4 {[%emt 0:00:01]} Ke7 {[%emt 0:00:01]} 60. Nh6 {
[%emt 0:00:02]} Ra5 {[%emt 0:00:02]} 61. Bg4 {[%emt 0:00:01]} Ra3 {[%emt 0:00:
03]} 62. Ke4 {[%emt 0:00:02]} b5 {[%emt 0:00:04]} 63. Ng8+ {[%emt 0:00:01]} Kf8
{[%emt 0:00:03]} 64. Nxf6 {[%emt 0:00:00]} b4 {[%emt 0:00:04]} 65. Ne5 {[%emt
0:00:04]} Bxe5 {[%emt 0:00:17]} 66. Kxe5 {[%emt 0:00:01]} Re3+ {[%emt 0:00:01]}
67. Kd6 {[%emt 0:00:04]} Rd3+ {[%emt 0:00:08]} 68. Kxc6 {[%emt 0:00:02]} b3 {
[%emt 0:00:02]} 69. Bf5 {[%emt 0:00:03]} Rf3 {[%emt 0:00:03]} 70. Nd7+ {[%emt
0:00:02]} Ke7 {[%emt 0:00:01]} 71. Be4 {[%emt 0:00:01]} Re3 {[%emt 0:00:05]}
72. Kd5 {[%emt 0:00:05]} Rxe4 {[%emt 0:00:04]} 73. Nc5 {[%emt 0:00:04]} Re3 {
[%emt 0:00:00]} 74. Na4 {[%emt 0:00:03]} Rxh3 {[%emt 0:00:02]} 75. Nb2 {[%emt
0:00:03]} Re3 {[%emt 0:00:02] BLiTzcHAmP resigns} 0-1

[Event "Benidorm Satellite preliminary"]
[Site "playchess.com #007036"]
[Date "2009.10.24"]
[Round "6"]
[White "Mateusz-Morfeusz"]
[Black "CubaChessPraxis"]
[Result "1-0"]
[WhiteElo "2471"]
[BlackElo "2150"]
[PlyCount "157"]
[EventDate "2009.10.24"]
[EventType "swiss (blitz)"]

1. e4 {[%emt 0:00:01]} c5 {[%emt 0:00:02]} 2. Nf3 {[%emt 0:00:00]} e6 {[%emt 0:
00:01]} 3. d3 {[%emt 0:00:01]} Nc6 {[%emt 0:00:02]} 4. g3 {[%emt 0:00:00]} g6 {
[%emt 0:00:02]} 5. Bg2 {[%emt 0:00:00]} Bg7 {[%emt 0:00:01]} 6. O-O {[%emt 0:
00:00]} d6 {[%emt 0:00:01]} 7. c3 {[%emt 0:00:01]} Nge7 {[%emt 0:00:02]} 8. d4
{[%emt 0:00:00]} cxd4 {[%emt 0:00:01]} 9. cxd4 {[%emt 0:00:00]} d5 {[%emt 0:00:
01]} 10. e5 {[%emt 0:00:00]} Nf5 {[%emt 0:00:03]} 11. Nc3 {[%emt 0:00:01]} O-O
{[%emt 0:00:02]} 12. Re1 {[%emt 0:00:08]} a6 {[%emt 0:00:01]} 13. Bf4 {[%emt 0:
00:03]} Bd7 {[%emt 0:00:02]} 14. Qd2 {[%emt 0:00:03]} h6 {[%emt 0:00:14]} 15.
h4 {[%emt 0:00:02]} Kh7 {[%emt 0:00:02]} 16. Rac1 {[%emt 0:00:57]} b5 {[%emt 0:
00:03]} 17. Bf1 {[%emt 0:00:24]} Qb6 {[%emt 0:00:02]} 18. Ne2 {[%emt 0:00:11]}
Rac8 {[%emt 0:00:06]} 19. b4 {[%emt 0:00:12]} Rc7 {[%emt 0:00:08]} 20. Rc5 {
[%emt 0:00:03]} Rfc8 {[%emt 0:00:02]} 21. Rec1 {[%emt 0:00:00]} Bf8 {[%emt 0:
00:09]} 22. g4 {[%emt 0:00:06]} Nfe7 {[%emt 0:00:34]} 23. Ng3 {[%emt 0:00:41]}
Be8 {[%emt 0:00:04]} 24. Bd3 {[%emt 0:00:03]} Ng8 {[%emt 0:00:04]} 25. g5 {
[%emt 0:00:09]} a5 {[%emt 0:00:07]} 26. a3 {[%emt 0:00:01]} axb4 {[%emt 0:00:
02]} 27. axb4 {[%emt 0:00:00]} Bxc5 {[%emt 0:00:25]} 28. dxc5 {[%emt 0:00:00]}
Qa6 {[%emt 0:00:05]} 29. gxh6 {[%emt 0:00:05]} Qa3 {[%emt 0:00:23]} 30. Rb1 {
[%emt 0:00:03]} Ra7 {[%emt 0:00:17]} 31. h5 {[%emt 0:00:03]} Qa2 {[%emt 0:00:
04]} 32. Rb2 {[%emt 0:00:00]} Qa1+ {[%emt 0:00:01]} 33. Kg2 {[%emt 0:00:00]}
Nce7 {[%emt 0:00:05]} 34. Ng5+ {[%emt 0:00:02]} Kh8 {[%emt 0:00:02]} 35. h7 {
[%emt 0:00:00]} Nh6 {[%emt 0:00:02]} 36. hxg6 {[%emt 0:00:03]} Nxg6 {[%emt 0:
00:11]} 37. Bxg6 {[%emt 0:00:05]} fxg6 {[%emt 0:00:01]} 38. Nxe6 {[%emt 0:00:
00]} Nf5 {[%emt 0:00:05]} 39. Bg5 {[%emt 0:00:28] CubaChessPraxis reconnected.}
Rxh7 {[%emt 0:00:10]} 40. Bf6+ {[%emt 0:00:01]} Kg8 {[%emt 0:00:01]} 41. Ng5 {
[%emt 0:00:11]} Nh4+ {[%emt 0:00:12]} 42. Kh3 {[%emt 0:00:05]} Bd7+ {[%emt 0:
00:01]} 43. e6 {[%emt 0:00:01]} Nf3+ {[%emt 0:00:12]} 44. Nxh7 {[%emt 0:00:04]}
Bxe6+ {[%emt 0:00:02]} 45. Kg2 {[%emt 0:00:05]} Nxd2 {[%emt 0:00:01]} 46. Rxd2
{[%emt 0:00:02]} Kxh7 {[%emt 0:00:01]} 47. Bxa1 {[%emt 0:00:02]} Bd7 {[%emt 0:
00:07]} 48. Be5 {[%emt 0:00:00]} Bc6 {[%emt 0:00:01]} 49. Bd4 {[%emt 0:00:01]}
Re8 {[%emt 0:00:02]} 50. Ne2 {[%emt 0:00:01]} Re4 {[%emt 0:00:01]} 51. Ng3 {
[%emt 0:00:00]} Re1 {[%emt 0:00:01]} 52. Re2 {[%emt 0:00:01]} Rd1 {[%emt 0:00:
02]} 53. Re7+ {[%emt 0:00:01]} Kh6 {[%emt 0:00:04]} 54. Bg7+ {[%emt 0:00:02]}
Kg5 {[%emt 0:00:02]} 55. Rc7 {[%emt 0:00:02]} Ba8 {[%emt 0:00:03]} 56. c6 {
[%emt 0:00:00]} Rc1 {[%emt 0:00:02]} 57. Ne2 {[%emt 0:00:01]} Rxc6 {[%emt 0:00:
04]} 58. Rxc6 {[%emt 0:00:01]} Bxc6 {[%emt 0:00:01]} 59. Nd4 {[%emt 0:00:00]}
Bd7 {[%emt 0:00:01]} 60. Kg3 {[%emt 0:00:01]} Kh5 {[%emt 0:00:03]} 61. f4 {
[%emt 0:00:04]} g5 {[%emt 0:00:02]} 62. f5 {[%emt 0:00:01]} Be8 {[%emt 0:00:04]
} 63. Be5 {[%emt 0:00:10]} Bd7 {[%emt 0:00:02]} 64. f6 {[%emt 0:00:01]} Kg6 {
[%emt 0:00:02]} 65. Nf3 {[%emt 0:00:04]} Be6 {[%emt 0:00:03]} 66. Bd4 {[%emt 0:
00:00]} Kf5 {[%emt 0:00:02]} 67. Bb2 {[%emt 0:00:05]} Kg6 {[%emt 0:00:03]} 68.
Kf2 {[%emt 0:00:05]} Bd7 {[%emt 0:00:02]} 69. Ne5+ {[%emt 0:00:01]} Kxf6 {
[%emt 0:00:03]} 70. Nxd7+ {[%emt 0:00:00]} Kf5 {[%emt 0:00:01]} 71. Kg3 {[%emt
0:00:02]} Ke4 {[%emt 0:00:01]} 72. Nf6+ {[%emt 0:00:01]} Kd3 {[%emt 0:00:02]}
73. Nxd5 {[%emt 0:00:00]} Kc4 {[%emt 0:00:01]} 74. Bc3 {[%emt 0:00:01]} Kxd5 {
[%emt 0:00:02]} 75. Be1 {[%emt 0:00:00]} Ke4 {[%emt 0:00:02]} 76. Kg4 {[%emt 0:
00:00]} Kd3 {[%emt 0:00:01]} 77. Kxg5 {[%emt 0:00:00]} Kc4 {[%emt 0:00:01]} 78.
Kf4 {[%emt 0:00:01]} Kd5 {[%emt 0:00:00]} 79. Ke3 {[%emt 0:00:00]
CubaChessPraxis rinde} 1-0

[Event "Benidorm Satellite preliminary"]
[Site "playchess.com #007036"]
[Date "2009.10.24"]
[Round "7"]
[White "Jason999"]
[Black "Racoony"]
[Result "1/2-1/2"]
[WhiteElo "1626"]
[BlackElo "1745"]
[PlyCount "34"]
[EventDate "2009.10.24"]
[EventType "swiss (blitz)"]

1. e4 {[%emt 0:00:02]} c6 {[%emt 0:00:03]} 2. d4 {[%emt 0:00:01]} d5 {[%emt 0:
00:01]} 3. Nc3 {[%emt 0:00:02]} dxe4 {[%emt 0:00:01]} 4. Nxe4 {[%emt 0:00:01]}
Bf5 {[%emt 0:00:01]} 5. Ng3 {[%emt 0:00:01]} Bg6 {[%emt 0:00:01]} 6. h4 {[%emt
0:00:01]} h6 {[%emt 0:00:01]} 7. Nf3 {[%emt 0:00:01]} Nd7 {[%emt 0:00:02]} 8.
h5 {[%emt 0:00:01]} Bh7 {[%emt 0:00:01]} 9. Bd3 {[%emt 0:00:01]} Bxd3 {[%emt 0:
00:01]} 10. Qxd3 {[%emt 0:00:01]} e6 {[%emt 0:00:01]} 11. Bd2 {[%emt 0:00:01]}
Ngf6 {[%emt 0:00:02]} 12. O-O-O {[%emt 0:00:02]} Bd6 {[%emt 0:00:05]} 13. Ne4 {
[%emt 0:00:16]} Nxe4 {[%emt 0:00:02]} 14. Qxe4 {[%emt 0:00:01]} Nf6 {[%emt 0:
00:06]} 15. Qe2 {[%emt 0:00:03]} Qe7 {[%emt 0:00:03]} 16. Rhe1 {[%emt 0:00:04]
Jason999 offers a draw} O-O-O {[%emt 0:00:05]} 17. Kb1 {[%emt 0:00:08]} Rhe8 {
[%emt 0:00:23] Racoony bietet Remis} 1/2-1/2

[Event "Benidorm Satellite preliminary"]
[Site "playchess.com #007036"]
[Date "2009.10.24"]
[Round "7"]
[White "MONFMA0214"]
[Black "Planescape"]
[Result "1/2-1/2"]
[WhiteElo "1676"]
[BlackElo "1736"]
[PlyCount "36"]
[EventDate "2009.10.24"]
[EventType "swiss (blitz)"]

1. e4 {[%emt 0:00:01]} d5 {[%emt 0:00:02]} 2. exd5 {[%emt 0:00:01]} Qxd5 {
[%emt 0:00:01]} 3. Qf3 {[%emt 0:00:00]} Qxf3 {[%emt 0:00:08]} 4. Nxf3 {[%emt 0:
00:02]} Nf6 {[%emt 0:00:00]} 5. Bc4 {[%emt 0:00:01]} Nc6 {[%emt 0:00:07]} 6.
O-O {[%emt 0:00:04]} e5 {[%emt 0:00:01]} 7. Re1 {[%emt 0:00:02]} Bd6 {[%emt 0:
00:01]} 8. d4 {[%emt 0:00:03]} e4 {[%emt 0:00:25]} 9. Ng5 {[%emt 0:00:06]} O-O
{[%emt 0:00:01]} 10. Nxe4 {[%emt 0:00:16]} Nxd4 {[%emt 0:00:03]} 11. Nxf6+ {
[%emt 0:00:02]} gxf6 {[%emt 0:00:01]} 12. Bd3 {[%emt 0:00:11]} Bd7 {[%emt 0:00:
08]} 13. Be3 {[%emt 0:00:02]} Nf5 {[%emt 0:00:04]} 14. Nc3 {[%emt 0:00:09]}
Nxe3 {[%emt 0:00:02]} 15. Rxe3 {[%emt 0:00:01]} Rfe8 {[%emt 0:00:01]} 16. Rae1
{[%emt 0:00:03]} Rxe3 {[%emt 0:00:01]} 17. Rxe3 {[%emt 0:00:01]} Re8 {[%emt 0:
00:02]} 18. Rxe8+ {[%emt 0:00:47]} Bxe8 {[%emt 0:00:03] Planescape bietet Remis
} 1/2-1/2

[Event "Benidorm Satellite preliminary"]
[Site "playchess.com #007036"]
[Date "2009.10.24"]
[Round "7"]
[White "Öschi"]
[Black "Paradoks10"]
[Result "0-1"]
[WhiteElo "1731"]
[BlackElo "1639"]
[PlyCount "44"]
[EventDate "2009.10.24"]
[EventType "swiss (blitz)"]

1. e4 {[%emt 0:00:00]} c5 {[%emt 0:00:02]} 2. Nf3 {[%emt 0:00:01]} d6 {[%emt 0:
00:01]} 3. d4 {[%emt 0:00:00]} cxd4 {[%emt 0:00:03]} 4. Nxd4 {[%emt 0:00:00]}
Nf6 {[%emt 0:00:01]} 5. Nc3 {[%emt 0:00:01]} a6 {[%emt 0:00:03]} 6. Bg5 {[%emt
0:00:01]} e6 {[%emt 0:00:02]} 7. Qd2 {[%emt 0:00:01]} Qb6 {[%emt 0:00:12]} 8.
O-O-O {[%emt 0:00:03]} Be7 {[%emt 0:00:10]} 9. f3 {[%emt 0:00:02]} Nbd7 {[%emt
0:00:05]} 10. g4 {[%emt 0:00:01]} Qc7 {[%emt 0:00:02]} 11. h4 {[%emt 0:00:02]}
h6 {[%emt 0:00:03]} 12. Bxf6 {[%emt 0:00:02]} Bxf6 {[%emt 0:00:03]} 13. Bg2 {
[%emt 0:00:07]} b5 {[%emt 0:00:03]} 14. g5 {[%emt 0:00:01]} h5 {[%emt 0:00:05]}
15. gxf6 {[%emt 0:00:01]} gxf6 {[%emt 0:00:03]} 16. Bh3 {[%emt 0:00:03]} Ne5 {
[%emt 0:00:03]} 17. Rdg1 {[%emt 0:00:14]} b4 {[%emt 0:00:08]} 18. Ncb5 {[%emt
0:00:10]} axb5 {[%emt 0:00:04]} 19. Nxb5 {[%emt 0:00:01]} Qc5 {[%emt 0:00:11]}
20. Nxd6+ {[%emt 0:00:01]} Ke7 {[%emt 0:00:02]} 21. Nxc8+ {[%emt 0:00:16]}
Rhxc8 {[%emt 0:00:03]} 22. Kb1 {[%emt 0:00:09]} Nxf3 {[%emt 0:00:16] Öschi
gibt auf} 0-1

[Event "Benidorm Satellite preliminary"]
[Site "playchess.com #007036"]
[Date "2009.10.24"]
[Round "7"]
[White "Dolorian"]
[Black "XxHUTIxx"]
[Result "0-1"]
[WhiteElo "1508"]
[BlackElo "1689"]
[PlyCount "54"]
[EventDate "2009.10.24"]
[EventType "swiss (blitz)"]

1. e4 {[%emt 0:00:06]} c5 {[%emt 0:00:11]} 2. Nc3 {[%emt 0:00:03]} e6 {[%emt 0:
00:08]} 3. f4 {[%emt 0:00:01]} Nc6 {[%emt 0:00:01]} 4. Nf3 {[%emt 0:00:01]} g6
{[%emt 0:00:01]} 5. Bb5 {[%emt 0:00:01]} Nge7 {[%emt 0:00:02]} 6. d3 {[%emt 0:
00:02]} a6 {[%emt 0:00:01]} 7. Bxc6 {[%emt 0:00:01]} Nxc6 {[%emt 0:00:01]} 8.
O-O {[%emt 0:00:01]} Bg7 {[%emt 0:00:01]} 9. Qe1 {[%emt 0:00:01]} O-O {[%emt 0:
00:01]} 10. Nh4 {[%emt 0:00:07]} b5 {[%emt 0:00:08]} 11. f5 {[%emt 0:00:02]} b4
{[%emt 0:00:05]} 12. Ne2 {[%emt 0:00:02]} a5 {[%emt 0:00:01]} 13. fxg6 {[%emt
0:00:06]} hxg6 {[%emt 0:00:02]} 14. Rf3 {[%emt 0:00:07]} a4 {[%emt 0:00:01]}
15. Rg3 {[%emt 0:00:05]} a3 {[%emt 0:00:01]} 16. Rb1 {[%emt 0:00:06]} Nd4 {
[%emt 0:00:15]} 17. c3 {[%emt 0:00:26]} Nxe2+ {[%emt 0:00:07]} 18. Qxe2 {[%emt
0:00:02]} Qxh4 {[%emt 0:00:01]} 19. Bg5 {[%emt 0:00:05]} Qh5 {[%emt 0:00:07]}
20. Qe3 {[%emt 0:00:02]} axb2 {[%emt 0:00:04]} 21. Rh3 {[%emt 0:00:10]} bxc3 {
[%emt 0:00:17]} 22. Rxh5 {[%emt 0:00:04]} Bd4 {[%emt 0:00:02]} 23. Rh3 {[%emt
0:00:14]} Bxe3+ {[%emt 0:00:04]} 24. Bxe3 {[%emt 0:00:04]} Rxa2 {[%emt 0:00:02]
} 25. Bxc5 {[%emt 0:00:08]} c2 {[%emt 0:00:06]} 26. Rf1 {[%emt 0:00:18]} c1=Q {
[%emt 0:00:05]} 27. Bxf8 {[%emt 0:00:01]} Kxf8 {[%emt 0:00:03] Dolorian resigns
} 0-1

[Event "Benidorm Satellite preliminary"]
[Site "playchess.com #007036"]
[Date "2009.10.24"]
[Round "7"]
[White "BLiTzcHAmP"]
[Black "Scottie"]
[Result "1-0"]
[WhiteElo "2705"]
[BlackElo "2262"]
[PlyCount "55"]
[EventDate "2009.10.24"]
[EventType "swiss (blitz)"]

1. e4 {[%emt 0:00:02]} c5 {[%emt 0:00:02]} 2. Nf3 {[%emt 0:00:01]} d6 {[%emt 0:
00:01]} 3. d4 {[%emt 0:00:01]} cxd4 {[%emt 0:00:00]} 4. Nxd4 {[%emt 0:00:00]}
Nf6 {[%emt 0:00:00]} 5. Nc3 {[%emt 0:00:00]} g6 {[%emt 0:00:00]} 6. Be3 {[%emt
0:00:02]} Bg7 {[%emt 0:00:00]} 7. f3 {[%emt 0:00:00]} Nc6 {[%emt 0:00:01]} 8.
Qd2 {[%emt 0:00:02]} O-O {[%emt 0:00:00]} 9. Bc4 {[%emt 0:00:01]} Bd7 {[%emt 0:
00:00]} 10. O-O-O {[%emt 0:00:01]} b5 {[%emt 0:00:01]} 11. Ndxb5 {[%emt 0:00:
02]} Ne5 {[%emt 0:00:01]} 12. Be2 {[%emt 0:00:04]} Qb8 {[%emt 0:00:01]} 13. Bh6
{[%emt 0:00:07]} Rc8 {[%emt 0:00:04]} 14. Bxg7 {[%emt 0:00:02]} Kxg7 {[%emt 0:
00:00]} 15. h4 {[%emt 0:00:03]} h5 {[%emt 0:00:02]} 16. g4 {[%emt 0:00:01]}
hxg4 {[%emt 0:00:28]} 17. h5 {[%emt 0:00:01]} Rh8 {[%emt 0:00:01]} 18. hxg6 {
[%emt 0:00:02]} fxg6 {[%emt 0:00:04]} 19. f4 {[%emt 0:00:03]} Nf3 {[%emt 0:00:
08]} 20. Bxf3 {[%emt 0:00:04]} gxf3 {[%emt 0:00:00]} 21. Rxh8 {[%emt 0:00:01]}
Qxh8 {[%emt 0:00:07]} 22. e5 {[%emt 0:00:01]} Ne4 {[%emt 0:00:57]} 23. Nxe4 {
[%emt 0:00:04]} Bxb5 {[%emt 0:00:01]} 24. exd6 {[%emt 0:00:01]} Be2 {[%emt 0:
00:47]} 25. Qd4+ {[%emt 0:00:08]} Kg8 {[%emt 0:00:07]} 26. Qd5+ {[%emt 0:00:03]
} Kg7 {[%emt 0:00:03]} 27. Qe5+ {[%emt 0:00:01]} Kg8 {[%emt 0:00:16]} 28. Qe6+
{[%emt 0:00:02] Scottie resigns} 1-0

[Event "Benidorm Satellite preliminary"]
[Site "playchess.com #007036"]
[Date "2009.10.24"]
[Round "7"]
[White "ALFILH7"]
[Black "Jolan"]
[Result "1-0"]
[WhiteElo "1546"]
[BlackElo "1708"]
[PlyCount "73"]
[EventDate "2009.10.24"]
[EventType "swiss (blitz)"]

1. d4 {[%emt 0:00:01]} Nf6 {[%emt 0:00:01]} 2. Nf3 {[%emt 0:00:01]} g6 {[%emt
0:00:01]} 3. Bg5 {[%emt 0:00:02]} Bg7 {[%emt 0:00:01]} 4. Nbd2 {[%emt 0:00:02]}
h6 {[%emt 0:00:01]} 5. Bxf6 {[%emt 0:00:02]} Bxf6 {[%emt 0:00:01]} 6. e4 {
[%emt 0:00:01]} d6 {[%emt 0:00:01]} 7. e5 {[%emt 0:00:03]} dxe5 {[%emt 0:00:02]
} 8. dxe5 {[%emt 0:00:01]} Bg7 {[%emt 0:00:01]} 9. Bd3 {[%emt 0:00:01]} Nc6 {
[%emt 0:00:02]} 10. Qe2 {[%emt 0:00:06]} Bg4 {[%emt 0:00:03]} 11. Bb5 {[%emt 0:
00:09]} O-O {[%emt 0:00:02]} 12. O-O-O {[%emt 0:00:03]} Nd4 {[%emt 0:00:03]}
13. Qc4 {[%emt 0:00:04]} Nxf3 {[%emt 0:00:10]} 14. gxf3 {[%emt 0:00:14]} Be6 {
[%emt 0:00:01]} 15. Qe2 {[%emt 0:00:09]} c6 {[%emt 0:00:05]} 16. Bc4 {[%emt 0:
00:05]} Qa5 {[%emt 0:00:11]} 17. Nb3 {[%emt 0:00:07]} Qxe5 {[%emt 0:00:05]} 18.
Qxe5 {[%emt 0:00:04]} Bxe5 {[%emt 0:00:01]} 19. Bxe6 {[%emt 0:00:06]} fxe6 {
[%emt 0:00:01]} 20. Rde1 {[%emt 0:00:03]} Bd6 {[%emt 0:00:06]} 21. Rxe6 {[%emt
0:00:02]} Rf6 {[%emt 0:00:03]} 22. Rxf6 {[%emt 0:00:01]} exf6 {[%emt 0:00:01]}
23. h4 {[%emt 0:00:03]} Re8 {[%emt 0:00:04]} 24. Rd1 {[%emt 0:00:07]} Bf4+ {
[%emt 0:00:05]} 25. Kb1 {[%emt 0:00:01]} Kf7 {[%emt 0:00:00]} 26. Nc5 {[%emt 0:
00:02]} b6 {[%emt 0:00:09]} 27. Nb7 {[%emt 0:00:06]} Re7 {[%emt 0:00:04]} 28.
Nd8+ {[%emt 0:00:02]} Ke8 {[%emt 0:00:08]} 29. Nxc6 {[%emt 0:00:01]} Re2 {
[%emt 0:00:01]} 30. a3 {[%emt 0:00:16]} a5 {[%emt 0:00:09]} 31. Rd8+ {[%emt 0:
00:02]} Kf7 {[%emt 0:00:02]} 32. Rd7+ {[%emt 0:00:03]} Ke6 {[%emt 0:00:02]} 33.
Re7+ {[%emt 0:00:01]} Kd5 {[%emt 0:00:05]} 34. Nb4+ {[%emt 0:00:08]} axb4 {
[%emt 0:00:03]} 35. Rxe2 {[%emt 0:00:03]} bxa3 {[%emt 0:00:01]} 36. bxa3 {
[%emt 0:00:04]} Kd4 {[%emt 0:00:03]} 37. Re4+ {[%emt 0:00:02] Jolan abandonne}
1-0

[Event "Benidorm Satellite preliminary"]
[Site "playchess.com #007036"]
[Date "2009.10.24"]
[Round "7"]
[White "David Lynch"]
[Black "Daisuke"]
[Result "1-0"]
[WhiteElo "2060"]
[BlackElo "1828"]
[PlyCount "95"]
[EventDate "2009.10.24"]
[EventType "swiss (blitz)"]

1. d4 {[%emt 0:00:00]} d6 {[%emt 0:00:01]} 2. c4 {[%emt 0:00:01]} e5 {[%emt 0:
00:01]} 3. Nf3 {[%emt 0:00:02]} e4 {[%emt 0:00:02]} 4. Ng1 {[%emt 0:00:01]} f5
{[%emt 0:00:02]} 5. Nc3 {[%emt 0:00:00]} Nf6 {[%emt 0:00:01]} 6. Bg5 {[%emt 0:
00:01]} Be7 {[%emt 0:00:01]} 7. e3 {[%emt 0:00:01]} O-O {[%emt 0:00:01]} 8. f4
{[%emt 0:00:01]} Be6 {[%emt 0:00:05]} 9. d5 {[%emt 0:00:02]} Bf7 {[%emt 0:00:
01]} 10. Nge2 {[%emt 0:00:01]} Na6 {[%emt 0:00:06]} 11. Nd4 {[%emt 0:00:01]}
Nc5 {[%emt 0:00:03]} 12. Nxf5 {[%emt 0:00:03]} h6 {[%emt 0:00:11]} 13. Bxf6 {
[%emt 0:00:02]} Bxf6 {[%emt 0:00:01]} 14. Ng3 {[%emt 0:00:01]} Bh4 {[%emt 0:00:
04]} 15. Be2 {[%emt 0:00:02]} Qf6 {[%emt 0:00:10]} 16. O-O {[%emt 0:00:02]}
Bxg3 {[%emt 0:00:02]} 17. hxg3 {[%emt 0:00:00]} Qg6 {[%emt 0:00:02]} 18. g4 {
[%emt 0:00:04]} Qf6 {[%emt 0:00:07]} 19. Rc1 {[%emt 0:00:05]} Kh7 {[%emt 0:00:
05]} 20. Qd4 {[%emt 0:00:09]} Qe7 {[%emt 0:00:03]} 21. b4 {[%emt 0:00:02]} Nd7
{[%emt 0:00:10]} 22. Qxe4+ {[%emt 0:00:04]} Qxe4 {[%emt 0:00:01]} 23. Nxe4 {
[%emt 0:00:00]} Rfe8 {[%emt 0:00:03]} 24. Bd3 {[%emt 0:00:01]} Bg6 {[%emt 0:00:
02]} 25. f5 {[%emt 0:00:02]} Bf7 {[%emt 0:00:01]} 26. g5 {[%emt 0:00:03]} hxg5
{[%emt 0:00:05]} 27. Nxg5+ {[%emt 0:00:00]} Kg8 {[%emt 0:00:01]} 28. Ne6 {
[%emt 0:00:03]} Ne5 {[%emt 0:00:04]} 29. Be4 {[%emt 0:00:04]} c6 {[%emt 0:00:
03]} 30. Nc7 {[%emt 0:00:02]} Rac8 {[%emt 0:00:04]} 31. Nxe8 {[%emt 0:00:01]}
Rxe8 {[%emt 0:00:01]} 32. f6 {[%emt 0:00:01]} Ng4 {[%emt 0:00:08]} 33. Bf3 {
[%emt 0:00:15]} Nxe3 {[%emt 0:00:03]} 34. Rfe1 {[%emt 0:00:01]} gxf6 {[%emt 0:
00:02]} 35. Rc3 {[%emt 0:00:03]} Nf5 {[%emt 0:00:02]} 36. Rxe8+ {[%emt 0:00:01]
} Bxe8 {[%emt 0:00:01]} 37. c5 {[%emt 0:00:02]} dxc5 {[%emt 0:00:02]} 38. Rxc5
{[%emt 0:00:02]} Nd4 {[%emt 0:00:10]} 39. dxc6 {[%emt 0:00:04]} Bxc6 {[%emt 0:
00:03]} 40. Bxc6 {[%emt 0:00:03]} bxc6 {[%emt 0:00:01]} 41. Kf2 {[%emt 0:00:02]
} Kf7 {[%emt 0:00:01]} 42. Ke3 {[%emt 0:00:01]} Nb5 {[%emt 0:00:13]} 43. Rxc6 {
[%emt 0:00:03]} Ke7 {[%emt 0:00:04]} 44. a4 {[%emt 0:00:01]} Nd6 {[%emt 0:00:
02]} 45. Rc7+ {[%emt 0:00:01]} Ke6 {[%emt 0:00:01]} 46. Rxa7 {[%emt 0:00:01]}
Nf5+ {[%emt 0:00:00]} 47. Ke4 {[%emt 0:00:02]} Nd6+ {[%emt 0:00:01]} 48. Kd4 {
[%emt 0:00:01] Daisuke gibt auf} 1-0